000 00555nam a2200169 i 4500
001 75435
003 ES-MaACL
005 20230906172442.0
007 t|
008 040924s1947 ag ||||1| spa d
100 1 _aMontgelas, Max de
_cComte.
_982625
245 1 0 _aLeyenda de una ciudad musical
_b: la historia de Viena /
_cMax Graf ; traducción de Néstor R. Ortiz Oderigo.
260 _aBuenos Aires :
_bFuturo,
_c1947 (
_fUniverso)
300 _a269 p. ;
_c23 cm.
700 1 _aOrtiz Oderigo, Néstor R.
_987634
852 _aES-MaACL
_jB-1538
_bR.28808
999 _c75435
_d75435